| 000 | 00509nam a2200205Ia 4500 | ||
|---|---|---|---|
| 005 | 20240823040818.0 | ||
| 008 | 240823s9999||||xx |||||||||||||| ||und|| | ||
| 020 | _a978-81-8404-873-5 | ||
| 041 | _aENGLISH | ||
| 082 | _A516.9 Q0 | ||
| 100 | _aLindsey Fallow | ||
| 245 | 0 | _aHead First 2D Geometry | |
| 250 | _a1st | ||
| 260 |
_c2010 _b"Shroff Publishers and Distributers Pvt.Ltd,M" |
||
| 500 | _aYES | ||
| 650 |
_aGeometry _bMathematics |
||
| 700 | _a Dawn Griffths | ||
| 942 | _cBK | ||
| 999 |
_c204005 _d204005 |
||